Ricostruisci la Carriera del Calciatore - Benjamin Pavard - Statistics

Statistiche generali
  • Questo quiz è stato fatto 14 volte
  • Il punteggio medio è 4 su 5
Statistiche sulle risposte
Hint Risposta % Corretto
2023- Inter
100%
2019-2023 Bayern Monaco
93%
2014-2016 Lilla
86%
2016-2019 Stoccarda
86%
2014-2016 Lilla 2
79%
Nessun quiz corrispondente trovato
Distribuzione punteggi
Percentuale di utenti per punteggio
Percentile per numero di risposta
I tuoi punteggi nel tempo
Non hai fatto questo quiz